Návrh merania a regulácie prietoku pary

Guardado en:
Detalles Bibliográficos
Autor principal: Szekereš, Róbert (Autor)
Otros Autores: Tanuška, Pavol (Orientador)
Formato: Manuscrito Libro
Lenguaje:eslovaco
Publicado: 2023
Materias:
Acceso en línea:http://is.stuba.sk/zp/portal_zp.pl?podrobnosti=172442
Etiquetas: Agregar Etiqueta
Sin Etiquetas, Sea el primero en etiquetar este registro!

MARC

LEADER 00000ntm a22000003a 4500
001 stuzp94711
003 SK-STU
005 20230909222939.7
007 ta
008 150427s2015----xo-----f-mn---000-0-slo-d
040 |a STU  |b slo 
041 0 |a slo 
100 1 |a Szekereš, Róbert  |u 066000  |4 aut  |U MTF Materiálovotechnologická fakulta  |T MTF Ústav aplikovanej informatiky, automatizácie a mechatroniky  |X 92459  |U M6000  |Y 86  |7 92459 
242 0 1 |a Proposal of steam flow measurement and regulation  |y eng 
245 1 0 |a Návrh merania a regulácie prietoku pary 
260 |c 2023 
650 4 |a Meranie a regulácia  |2 slo 
650 4 |a regulačný ventil  |2 slo 
650 4 |a prietok pary  |2 slo 
650 4 |a Conval  |2 slo 
650 4 |a DCS  |2 slo 
650 4 |a Measurement and control  |2 eng 
650 4 |a Steam flow  |2 eng 
650 4 |a control valve  |2 eng 
650 4 |a DCS  |2 eng 
650 4 |a Conval  |2 eng 
700 1 |a Tanuška, Pavol  |u 066000  |k Z1  |4 ths  |U MTF Materiálovotechnologická fakulta  |T MTF Ústav aplikovanej informatiky, automatizácie a mechatroniky  |X 248  |U M6000  |Y 86  |7 A000000248 
856 4 |u http://is.stuba.sk/zp/portal_zp.pl?podrobnosti=172442 
996 |c M* DP-15244  |l MMSKP  |s P  |a 0  |w stuzp94711_0001